000 00728nam a2200277Ia 4500
005 20260324114046.0
008 008 260324s9999 xx 000 0 eng d
020 _a9781041057710
037 _aEBOOK
040 _aCRL
040 _beng
040 _cCRL
041 _2eng
041 _aeng
084 _qCRL
100 _aKaren Mpamhanga; Hilary Orpin; Joy Jarvis; Harriet Jones; Gemma Mansi; Catherine Molesworth; Heather Monsey
_91149263
245 0 _aTransition into Higher Education
260 _bTaylor and Francis
260 _c2023
365 _a
365 _b120
856 _uhttp://www.taylorfrancis.com/books/9781041057710
942 _cEBOOK
999 _c1739240
_d1739240